A technique to discourage the relay attack on captcha (Record no. 180814)

000 -LEADER
fixed length control field 00653 a2200181 4500
003 - CONTROL NUMBER IDENTIFIER
control field Nust
005 - DATE AND TIME OF LATEST TRANSACTION
control field 20170207153157.0
040 ## - CATALOGING SOURCE
Transcribing agency Nust
082 ## - DEWEY DECIMAL CLASSIFICATION NUMBER
Classification number 005.8
100 ## - MAIN ENTRY--PERSONAL NAME
Personal name Khan, Samin Jan (MSIS-5)
245 ## - TITLE STATEMENT
Title A technique to discourage the relay attack on captcha
Statement of responsibility, etc. Samin Jan Khan
260 ## - PUBLICATION, DISTRIBUTION, ETC.
Name of publisher, distributor, etc. MCS(NUST)
Date of publication, distribution, etc. February, 2010
Place of publication, distribution, etc. Rawalpindi
300 ## - PHYSICAL DESCRIPTION
Extent x, 71, p.
505 ## - FORMATTED CONTENTS NOTE
Formatted contents note Introduction (page-1) Background/Literature survey (page-14) The proposed 3-Captcha machanism and its benefits (page-34) Implementation of proposed Captcha mechanism (page-40) Conclusion (page-52)
538 ## - SYSTEM DETAILS NOTE
System details note Almirah No.70 Shelf No.4
650 ## - SUBJECT ADDED ENTRY--TOPICAL TERM
Topical term or geographic name entry element PG Thesis
651 ## - SUBJECT ADDED ENTRY--GEOGRAPHIC NAME
Geographic name MSIS-5
942 ## - ADDED ENTRY ELEMENTS (KOHA)
Koha item type
Holdings
Withdrawn status Lost status Source of classification or shelving scheme Damaged status Not for loan Collection code Permanent Location Current Location Date acquired Total Checkouts Full call number Barcode Date last seen Price effective from Koha item type
            Military College of Signals (MCS) Military College of Signals (MCS) 12/12/2016   005.8 KHA MCSTIS-105 12/08/2016 12/12/2016 Book
            Military College of Signals (MCS) Military College of Signals (MCS) 12/12/2016   005.8 KHA MCSTIS-106 12/08/2016 12/12/2016 Book
            Military College of Signals (MCS) Military College of Signals (MCS) 12/12/2016   005.8 KHA MCSTIS-55 12/08/2016 12/12/2016 Book
© 2023 Central Library, National University of Sciences and Technology. All Rights Reserved.